| 000 | 00771nam a2200241Ia 4500 | ||
|---|---|---|---|
| 003 | OSt | ||
| 005 | 20220925231743.0 | ||
| 006 | a|||||r|||| 00| 0 | ||
| 007 | ta | ||
| 008 | 220923b |||||||| |||| 00| 0 eng d | ||
| 037 | _cGeneral Book | ||
| 040 |
_aRTL _cRTL _beng |
||
| 041 |
_2eng _aeng |
||
| 082 | _aX:87h.73.1.N3, F7 | ||
| 100 |
_aWilloughby W. F. _9121414 |
||
| 245 | 0 | _aLegal status and functions of the general accounti | |
| 260 |
_aMaryland _bJohn's Hopkins Press _c1927 |
||
| 300 |
_a193p _ccm. |
||
| 490 | _aInstitute for Government Research of the Brookings Institution, Studies in Administration, 16 | ||
| 650 |
_aExecutive _9233834 |
||
| 942 |
_hX:87h.73.1.N3, F7 _cGB _2CC |
||
| 999 |
_c589379 _d589379 |
||